| 000 | 00561nam a2200193 a 4500 | ||
|---|---|---|---|
| 001 | 1765635237901 | ||
| 003 | YourLibrary | ||
| 005 | 20251216152705.0 | ||
| 008 | 251213s2006##################000#0#eng## | ||
| 020 | _a9783631550496 | ||
| 082 | 0 | 4 |
_a221.6 _bNIE |
| 100 | 1 |
_aCongress, International Organization for the Study of the Old Testament., _eauthor. |
|
| 245 | 1 | 0 | _aStimulation from Leiden : |
| 260 |
_bPeter Lang Pub Incorporated, _c2006. |
||
| 300 | _a318 pages | ||
| 650 | 0 | _aReligion. | |
| 942 | _cENGLISH | ||
| 040 |
_aYourLibrary _beng _cYourLibrary |
||
| 999 |
_c602675 _d602675 |
||